| 000 | 00537nam a22001937a 4500 | ||
|---|---|---|---|
| 003 | BD-ChCU | ||
| 005 | 20260511095937.0 | ||
| 008 | 260511b ny ||||| |||| 00| 0 engd | ||
| 020 | _a0816049734 | ||
| 040 | _cBD-ChCU | ||
| 082 |
_223 _aR550.3 K95e |
||
| 100 |
_aKusky, Timothy. _922725 |
||
| 245 |
_aEncyclopedia of earth science / _cTimothy Kusky. |
||
| 260 |
_aNew York : _bFactons File, _c2005 |
||
| 300 | _a510 P. : | ||
| 504 | _aIncludes. | ||
| 650 | 0 |
_aEarth science-Encyclopedia ; Encyclopedia. _922727 |
|
| 942 |
_2ddc _cBK _n0 |
||
| 999 |
_c112847 _d112847 |
||